II. ročník konference "Teoretické a praktické aspekty veřejných financí v ČR"

V dňoch 27.-28.3.1996 sa uskutočnila v Prahe konferencia "Teoretické a praktické aspekty verejných financií v ČR", poriadaná katedrou verejných financií VŠE v Prahe. Program bol usporiadaný do štyroch blokov: Koordinácia fiškálnej a monetárnej politiky, Daňový systém ČR, Nástroje financovania inštit...

Descripción completa

Guardado en:
Detalles Bibliográficos
Autor principal: Vítek, Leoš
Otros Autores: Slintáková, Barbora
Formato: Capítulo de libro
Lenguaje:checo
Materias:
Etiquetas: Agregar Etiqueta
Sin Etiquetas, Sea el primero en etiquetar este registro!

MARC

LEADER 00000naa a2200000 4500
001 r022419
005 20230922091250.8
041 0 |a cze 
044 |a CZ 
245 1 0 |a II. ročník konference "Teoretické a praktické aspekty veřejných financí v ČR"  |c Leoš Vítek, B. Slintáková 
520 |a V dňoch 27.-28.3.1996 sa uskutočnila v Prahe konferencia "Teoretické a praktické aspekty verejných financií v ČR", poriadaná katedrou verejných financií VŠE v Prahe. Program bol usporiadaný do štyroch blokov: Koordinácia fiškálnej a monetárnej politiky, Daňový systém ČR, Nástroje financovania inštitúcií, činností a programov v neziskovej sfére a Komunálny dlh a jeho regulácia. Na konferencii vystúpili s referátmi aj pedagógovia z katedry verejných financií EU Bratislava. 
610 2 0 |a financie verejné 
610 2 0 |a konferencie 
610 2 0 |a Česko 
610 2 0 |a Vysoká škola ekonomická v Prahe 
610 2 0 |a 1996 
610 2 0 |a Ekonomická univerzita v Bratislave 
100 1 |a Vítek, Leoš 
700 1 |a Slintáková, Barbora